000 00298nam a22001337a 4500
008 180109b xxu||||| |||| 00| 0 eng d
020 _a9780073521961
041 _aeng
080 _a610.73
100 _a1
101 _aINF
245 _aFirst Responder
_cMcGraw-Hill Companies
942 _2udc
_cBK
999 _c39833
_d39833